000
00252nam a2200097Ia 4500
001
711367
005
20250826162807.0
008
250824s9999 xx 000 0 und d
245
0
_a
ARŞİMET ZEKAİ GİZEMLİ MAĞARA
_c
DURAN ÇETİN
260
_b
ATLIKARINCA
999
_c
711367
_d
711367